000 00591nam a22002057a 4500
003 OSt
005 20140310182926.0
008 130130t xxu||||| |||| 00| 0 eng d
020 _a9715423787
050 _aPN 3377.5
_b.H632 2005
082 _aFIL 808.042
_bH632 2005
245 _aCreative nonfiction : a manual for Filipino writers
_cHidalgo, Cristina Pantoja
260 _aQuezon City
_bUniversity of the Philippines Press
_cc2005
300 _a202 p.
_c23 cm.
521 _acollege students
526 _c1210L-1700L
541 _j1
562 _e1
942 _2lcc
_cBK
_kFIL
999 _c17417
_d17417